| 000 | 00372nam a2200109Ia 4500 | ||
|---|---|---|---|
| 008 | 160909s9999 xx 000 0 und d | ||
| 100 | _aPence, Jillyn Noland | ||
| 245 | _aUsing computer-adaptive quizzing as a tool for NCLEX-RN success | ||
| 260 |
_bThe University of Alabama _c2016 |
||
| 650 | _aNursing | ||
| 856 | _uhttp://pqdtopen.proquest.com/doc/1798839648.html?FMT=ABS | ||
| 999 |
_c303866 _d303866 |
||